| 000 | 00473nam a2200181Ia 4500 | ||
|---|---|---|---|
| 001 | 22040 | ||
| 003 | GE_BSU | ||
| 008 | 181216s||||||||xx |||||||||||||| ||und|| | ||
| 040 | _cGE_BSU | ||
| 245 | 4 | _aThe Economist, January 20th-26th №9075. 2018 | |
| 260 | _aLondon | ||
| 260 | _c2018 | ||
| 300 | _a86 p. 27cm. ill. | ||
| 653 | _aThe Economist, January 20th-26th №9075. 2018 | ||
| 653 | _aПериодика | ||
| 653 | _aპერიოდიკა | ||
| 942 | _cCR | ||
| 999 |
_c54969 _d54969 |
||